[Event "HUN-chT2 Asztalos 1112"]
[Site "Hungary"]
[Date "2012.04.22"]
[Round "9.8"]
[White "Kovacs, Tibor"]
[Black "Papp, Csaba"]
[Result "0-1"]
[WhiteElo "1945"]
[BlackElo "2012"]
[PlyCount "69"]
[EventDate "2011.09.25"]
[EventType "team-tourn"]
[EventRounds "11"]
[EventCountry "HUN"]
[SourceTitle "EXT 2013"]
[Source "ChessBase"]
[SourceDate "2012.11.22"]
[SourceVersion "1"]
[SourceVersionDate "2012.11.22"]
[SourceQuality "1"]
[WhiteTeam "Pecs Karmin"]
[BlackTeam "Decs II"]
[WhiteTeamCountry "HUN"]
[BlackTeamCountry "HUN"]

1. e4 e5 2. Nf3 Nc6 3. Bc4 Nf6 4. Nc3 Nxe4 5. Bxf7+ Kxf7 6. Nxe4 d5 7. Neg5+ Kg8 8. h4 h6 9. Nh3 Bg4 10. d3 Qf6 11. Nhg1 Rd8 12. Ne2 Bxf3 13. gxf3 Qxf3 14. Ng3 Qg2 15. c3 Bc5 16. Rf1 Bxf2+ 17. Rxf2 Qxg3 18. Qf3 Qxf3 19. Rxf3 Rf8 20. Rg3 Kh7 21. Bd2 Rf5 22. Ke2 Rhf8 23. Rag1 R8f7 24. b4 Ne7 25. a4 Nc8 26. Be3 b6 27. Ra1 Nd6 28. a5 e4 29. axb6 axb6 30. Rag1 exd3+ 31. Kxd3 Rf3 32. Rxf3 Rxf3 33. Ke2 Rh3 34. Bd4 Nf5 35. Be5 0-1

[Event "HUN-chT2 Asztalos 1112"]
[Site "Hungary"]
[Date "2012.03.11"]
[Round "7.8"]
[White "Balint, Richard"]
[Black "Papp, Csaba"]
[Result "1/2-1/2"]
[WhiteElo "1989"]
[BlackElo "2012"]
[PlyCount "70"]
[EventDate "2011.09.25"]
[EventType "team-tourn"]
[EventRounds "11"]
[EventCountry "HUN"]
[SourceTitle "EXT 2013"]
[Source "ChessBase"]
[SourceDate "2012.11.22"]
[SourceVersion "1"]
[SourceVersionDate "2012.11.22"]
[SourceQuality "1"]
[WhiteTeam "Baja"]
[BlackTeam "Decs II"]
[WhiteTeamCountry "HUN"]
[BlackTeamCountry "HUN"]

1. e4 d5 2. exd5 Qxd5 3. Nc3 Qa5 4. d4 e5 5. dxe5 Bb4 6. Bd2 Nc6 7. a3 Nd4 8. Bd3 Qxe5+ 9. Nge2 Nxe2 10. Qxe2 Qxe2+ 11. Bxe2 Bd6 12. Nb5 Nf6 13. Nxd6+ cxd6 14. f3 Be6 15. 0-0-0 0-0-0 16. Ba5 b6 17. Ba6+ Kc7 18. Bd2 Nd7 19. Bf4 Nc5 20. Be2 Rhe8 21. Rhe1 f6 22. Bf1 Bf7 23. Bb5 Re6 24. b4 Rxe1 25. Rxe1 Ne6 26. g4 a6 27. Ba4 b5 28. Bb3 Nxf4 29. Bxf7 d5 30. Re7+ Rd7 31. Rxd7+ Kxd7 32. Kd2 Kd6 33. Ke3 g5 34. Bg8 h6 35. Bh7 Ke5 1/2-1/2

[Event "HUN-chT2 Charousek 1011"]
[Site "Hungary"]
[Date "2011.05.15"]
[Round "11"]
[White "Biskopics, Marton"]
[Black "Papp, Csaba"]
[Result "1/2-1/2"]
[WhiteElo "2065"]
[BlackElo "2015"]
[PlyCount "37"]
[EventDate "2010.09.12"]
[EventType "team-tourn"]
[EventRounds "11"]
[EventCountry "HUN"]
[SourceTitle "EXT 2012"]
[Source "ChessBase"]
[SourceDate "2011.11.24"]
[SourceVersion "1"]
[SourceVersionDate "2011.11.24"]
[SourceQuality "1"]
[WhiteTeam "Aquaprofit II"]
[BlackTeam "Decs II"]
[WhiteTeamCountry "HUN"]
[BlackTeamCountry "HUN"]

1. c4 g6 2. Nc3 Bg7 3. g3 c6 4. Bg2 Nf6 5. e4 d6 6. Nge2 0-0 7. 0-0 Nbd7 8. d4 e5 9. h3 Nb6 10. b3 Be6 11. Be3 Qd7 12. Kh2 Qe7 13. Qd2 Rad8 14. Rad1 exd4 15. Nxd4 Bc8 16. Nde2 Be6 17. Nd4 Bc8 18. Nde2 Be6 19. Nd4 1/2-1/2

[Event "Oberwart op"]
[Site "Oberwart"]
[Date "2010.07.10"]
[Round "1"]
[White "Papp, Csaba"]
[Black "Serov, Maksim"]
[Result "0-1"]
[WhiteElo "2010"]
[BlackElo "2347"]
[PlyCount "48"]
[EventDate "2010.07.10"]
[EventType "swiss"]
[EventRounds "9"]
[EventCountry "AUT"]
[SourceTitle "CBM 137 Extra"]
[Source "ChessBase"]
[SourceDate "2010.09.01"]
[SourceVersion "1"]
[SourceVersionDate "2010.09.01"]
[SourceQuality "1"]

1. e4 c5 2. d4 cxd4 3. c3 d3 4. f4 d5 5. e5 Bf5 6. Bxd3 Bxd3 7. Qxd3 e6 8. Nf3 Qb6 9. Nbd2 Nd7 10. Nb3 Bc5 11. Nbd4 Ne7 12. 0-0 Bxd4+ 13. cxd4 Nc6 14. Be3 g6 15. a3 a5 16. g4 h5 17. f5 hxg4 18. fxe6 gxf3 19. exd7+ Kxd7 20. b3 Rh3 21. Kh1 Rah8 22. Bg1 f2 23. e6+ fxe6 24. Qxg6 fxg1Q+ 0-1